LEADER 01422nam a2200301 i 4500 001 000000177154 003 CaOOAMICUS 005 20090116000000.0 008 090116s2008 it u000 u fre u 013 $a154662 020 $a978-88-7839-131-4 040 $aSeMil$bita 100 1 $aSanou, Jean-Baptiste <1966- >.$0(OLS)http://semarc/name/65917 245 10$aViolence et sagesse dans la philosophie d'Éric Weil /$cJean-Baptiste Sanou. 260 $aRoma :$bPontificia Università Gregoriana,$c2008. 300 $a387 p ;$c23 cm. 490 0 $aAnalecta Gregoriana ;$v304. 490 0 $aAnalecta Gregoriana. Series Facultatis Philosophicae. Sectio B ;$v22 500 $aIn cop. : Premio Bellarmino 2008. 650 4$aWeil, Eric - Pensiero filosofico.$0(OLS)http://semarc/subject/14097 830 0$aAnalecta Gregoriana ;$v304.$0(OLS)http://semarc/title/9 830 0$aAnalecta Gregoriana. Series Facultatis Philosophicae. Sectio B ;$v22.$0(OLS)http://semarc/title/5957 850 $aSeMil 852 $aSeMil$W1$xVenegono$y1$m2N V 404$j127968$B127968$CSeMilBibl$Z2$F138491 $81 961 $aSottoscrizione: Pontificio Istituto Biblico 996 $6020$a978-88-7839-131-4$9(OLS)http://semarc/number/165902 996 $6245$aViolence et sagesse dans la philosophie d'Éric Weil$9(OLS)http://semarc/title/254398 996 $6260$aRoma :$bPontificia Università Gregoriana$9(OLS)http://semarc/publisher/29750 LEADER 01317nam a2200217 i 4500 001 000000006332 003 CaOOAMICUS 005 20180830125438.0 008 180830s1850 it u000 u ita u 040 $aSeMil$bita 100 1 $aVail, Alfred.$0(OLS)http://semarc/name/89579 245 13$aLe meraviglie della telegrafia elettrica, ossia Telegrafo ellettro-magnetico americano :$bcon cenni storici sull'elettricità e descrizione di tutti i telegrafi elettrici conosciuti d'Europa /$cdi Alfredo Vail ; tradotta dall'inglese al francese da Ippolito Vattemare ; e voltata in Italiano con note e aggiunte da Lorenzo Polettini. 260 $aVerona :$bTipografia Andreola,$c1850. 300 $a2 v. ;$cill. ;$c26 cm. 650 4$aTelegrafia.$0(OLS)http://semarc/subject/41632 650 4$aTelegrafi.$0(OLS)http://semarc/subject/44705 700 1 $aPolettini, Lorenzo.$0(OLS)http://semarc/name/89581 700 1 $aVattemare, Ippolito.$0(OLS)http://semarc/name/89580 774 0 $t[Parte 1].$g1$w()102056 996 $6245$aLe meraviglie della telegrafia elettrica, ossia Telegrafo ellettro-magnetico americano :$bcon cenni storici sull'elettricità e descrizione di tutti i telegrafi elettrici conosciuti d'Europa$9(OLS)http://semarc/title/400986 996 $6260$aVerona :$bTipografia Andreola$9(OLS)http://semarc/publisher/55808